Media and communication research methods : an introduction to qualitative and quantitative approaches (4th edition) (Record no. 82852)

MARC details
000 -LEADER
fixed length control field 00978nam a2200253 a 4500
003 - CONTROL NUMBER IDENTIFIER
control field CBULib
005 - DATE AND TIME OF LATEST TRANSACTION
control field 20240906090130.0
008 - FIXED-LENGTH DATA ELEMENTS--GENERAL INFORMATION
fixed length control field 180904s2016 ||||||||||||||||| || u
020 ## - INTERNATIONAL STANDARD BOOK NUMBER
International Standard Book Number 9781483377568
040 ## - CATALOGING SOURCE
Language of cataloging English
Transcribing agency CBULib
Description conventions rda
050 ## - LIBRARY OF CONGRESS CALL NUMBER
Classification number P 91.3 Ber
100 ## - MAIN ENTRY--PERSONAL NAME
Personal name Berger, Arthur Asa
245 10 - TITLE STATEMENT
Title Media and communication research methods : an introduction to qualitative and quantitative approaches (4th edition)
Statement of responsibility, etc By Arthur Asa Berger
250 ## - EDITION STATEMENT
Edition statement 4th edition
260 ## - PUBLICATION, DISTRIBUTION, ETC. (IMPRINT)
Place of publication, distribution, etc Los Angeles
Name of publisher, distributor, etc SAGE Publications
Date of publication, distribution, etc 2016
300 ## - PHYSICAL DESCRIPTION
Extent xvii, 417 pages : illustrations
336 ## - CONTENT TYPE
Source rdacontent
Content type term Text |
Content type code txt
337 ## - MEDIA TYPE
Source rdamedia
Media type term Unmediated |
Media type code n
338 ## - CARRIER TYPE
Source rdacarrier
Carrier type code nc
Carrier type term Volume
500 ## - GENERAL NOTE
General note Revised edition of the author's Media and communication research methods, 2014. Includes bibliographical references (pages 401-408) and indexes.
650 #0 - SUBJECT ADDED ENTRY--TOPICAL TERM
Topical term or geographic name as entry element COMMUNICATION--RESEARCH--METHODOLOGY
650 #0 - SUBJECT ADDED ENTRY--TOPICAL TERM
Topical term or geographic name as entry element MASS MEDIA--RESEARCH--METHODOLOGY
942 ## - ADDED ENTRY ELEMENTS (KOHA)
Source of classification or shelving scheme
Koha item type MONOGRAPH
Holdings
Withdrawn status Lost status Source of classification or shelving scheme Damaged status Not for loan Permanent Location Current Location Shelving location Date acquired Full call number Barcode Date last seen Copy number Price effective from Koha item type Total Checkouts Collection code Source of acquisition
          CBU-MAIN LIBRARY, KITWE. CBU-MAIN LIBRARY, KITWE. On Shelf 08/17/2022 P91.3 Ber 751291 08/17/2022 1 08/17/2022 MONOGRAPH      
          CBU-MAIN LIBRARY, KITWE. CBU-MAIN LIBRARY, KITWE.   09/29/2023 P 91.3 Ber 748603 09/29/2023 1 09/29/2023 MONOGRAPH      
          CBU-MAIN LIBRARY, KITWE. CBU-MAIN LIBRARY, KITWE.   09/29/2023 P 91.3 Ber 748604 09/29/2023 3 09/29/2023 MONOGRAPH      
          CBU- LUSAKA CAMPUS CBU-MAIN LIBRARY, KITWE. General Stacks 09/06/2024 PS 91.3 Ber 751292 09/06/2024 4 09/06/2024 MONOGRAPH   CBU-Lusaka Campus DON-BOOKAID
          CBU- LUSAKA CAMPUS CBU-MAIN LIBRARY, KITWE. General Stacks 09/06/2024 PS 91.3 Ber 751293 09/06/2024 5 09/06/2024 MONOGRAPH   CBU-Lusaka Campus DON-BOOKAID